• 首页
  • 本馆介绍
  • 公告通知
  • 最新文献
  • 馆藏检索
  • 电子资源
  • 读者导购
  • 参考咨询
  • 我的图书馆
  • 登录
  • 详细信息显示
  • 放入我的书架
  • 预约/预借图书
  • 作者相关作品
  • 分类相关作品
  • 丛书相关作品
  • 出版社相关作品

书目信息

  • 表格格式
  • 工作单格式
  • 卡片格式
题名:
赵树理文集
    
 
作者: 赵树理 著 ;工人出版社 , 山西大学 编
分册: 第三卷   戏剧,曲艺,诗歌
出版信息: 北京   工人出版社  1980
页数: 335页
开本: 21cm
丛书名:
单 册:
中图分类: I217.2 , I211
科图分类:
主题词: 文学--作品--中国--现代--选集 , 文学--作品集--中国
电子资源:
ISBN:
000 00888nam0 2200301 45
001 0180008148
005 20040414162957.6
010    @dCNY1.30
091    @a10007.89
100    @a19950606d1980 em y0chiy0121 ea
101 0  @achi
102    @aCN@b110000
105    @af z 000yy
106    @ar
200 10 @a赵树理文集@Azhao shu li wen ji@h第三卷@i戏剧,曲艺,诗歌@f赵树理著@g工人出版社,山西大学编
210    @a北京@c工人出版社@d1980
215    @a335页@c照片@d21cm
517    @a戏剧,曲艺,诗歌@AXi Ju,Qu Yi,Shi Ge
606    @a文学@x作品@y中国@z现代@x选集
606 0  @a文学@x作品集@x中国
690    @aI217.2@v3
690    @aI211@v3
701  0 @a赵树理@Azhao shu li@4著
712 02 @a工人出版社@Agong ren chu ban she@4编
712 02 @a山西大学@Ashan xi da xue@4编
801  0 @aCN@b上海图书馆@c20040414
801  2 @aCN@bNLC@c20040414
905    @dI211@e26:3@f2@b34314-315
    
    赵树理文集.第三卷.戏剧,曲艺,诗歌/赵树理著/工人出版社,山西大学编.-北京:工人出版社,1980
    335页:照片;21cm
    
    
    ISBN :CNY1.30
    
●
相关链接 在E读中查询图书 在五车中查询图书 在当当中查询图书 在豆瓣中查询图书


正题名:赵树理文集     索取号:I211/26:3         预约/预借

序号 登录号 条形码 馆藏地/架位号 状态 备注
1 0036210   001893838   密集书库/ [索取号:I211/26:3] 在馆    
2 0036211   001893874   密集书库/ [索取号:I211/26:3] 在馆    
3 0036213   001706817   密集书库/ [索取号:I211/26:3] 在馆    
4 0036214   001893918   密集书库/ [索取号:I211/26:3] 在馆    
5 0052840   001893721   密集书库/ [索取号:I211/26:3] 在馆    
6 0052842   001440024   密集书库/ [索取号:I211/26:3] 在馆    
7 0052843   001706425   密集书库/ [索取号:I211/26:3] 在馆    
8 0052844   001706853   密集书库/ [索取号:I211/26:3] 在馆    
唐山师范学院图书馆 欢迎您!
大连网信软件有限公司© 版权所有